Niska - Carrière - Statistiques

Statistiques générales
  • Ce quiz a été pris 32 fois
  • Le résultat moyen est 52 sur 198
Statistiques - réponses
Hint Réponse % Correct
2 Matuidi Charo (PSG) (feat. Brigi, Madrane, Rako & Trafiquinte)
100%
2 Réseaux
100%
2018 (remix) Réseaux (feat. Nimo)
100%
17 (remix) Réseaux (feat. Quavo, Stefflon Don)
100%
9 44
78%
10 Méchant (feat. Ninho)
78%
18 Médicament (feat. Booba)
78%
6 Salé
78%
5 Bâtiment
67%
14 H&M
67%
11 Mr Sal
67%
3 Siliconé
67%
16 Amour X
56%
8 B.O.C
56%
1 Boucherie
56%
2016 Commando
56%
13 Hasta Luego
56%
2 Italia
56%
2020 Joli bébé (feat. Naza)
56%
7 Jota (feat. Hamza)
56%
1 Le monde est méchant
56%
13 Mama
56%
5 Medellín
56%
1 Story X
56%
2025 +91 (feat. R2)
44%
2025 Adriano
44%
21 Bon déjà
44%
13 Chasse à l'homme
44%
5 Coco
44%
10 Collabo
44%
19 Des flingues et des roses
44%
7 Du lundi au lundi
44%
12 Favélas (feat. Skaodi)
44%
2024 G.A.N.G (feat. La Mano 1.9 & Tiakola)
44%
1 Intro
44%
11 Joe Pesci (feat. Tiakola)
44%
2 Jungle
44%
3 La wewer
44%
2022 Mode AV (feat. Gazo & Tiakola)
44%
2025 OG (feat. Genezio)
44%
4 Paris
44%
2015 Sapés comme jamais (feat. GIMS)
44%
9 Snapchat
44%
7 Tuba Life (feat. Booba)
44%
18 W.L.G
44%
1 Zifukoro
44%
14 140G (feat. 1PLIKÉ140)
33%
13 911 (feat. Koba LaD)
33%
8 911 (feat. Skaodi)
33%
2025 Alexander
33%
7 Alien
33%
3 Blue Magic (feat. Maes)
33%
7 Broly
33%
2024 CANON (feat. La Mano 1.9)
33%
2 De bon matin (feat. Guy2Bezbar)
33%
2016 Elle a mal (feat. Ninho)
33%
11 Elle avait son Djo (feat. GIMS)
33%
2 Genkidama
33%
8 Ghetto Star
33%
2019 Giuseppe
33%
4 Guitare
33%
13 Journée (feat. Tiakola)
33%
4 La zone est minée
33%
2019 Maman ne le sait pas (feat. Ninho)
33%
5 Mapess
33%
2023 Mauvais (feat. Mayo)
33%
13 Mauvais payeur (feat. SCH)
33%
5 M.L.C (feat. Booba)
33%
8 N.I (feat. Ninho)
33%
9 Ochoa
33%
2020 On sait jamais (feat. PLK)
33%
12 On veut du yellow (feat. Brigi, Madrane & Trafiquinte)
33%
3 R.A.S (feat. Gazo)
33%
2019 RR 9.1 (feat. Koba LaD)
33%
1 Squaad
33%
8 Tous les couler (feat. Koba LaD)
33%
10 True
33%
11 Twerk dans l'binks
33%
2 Vrai
33%
12 Waribana
33%
4 Ah bon ?
22%
2025 Arrêt de bus (feat. Zkr)
22%
15 Authentique
22%
2022 Balader (feat. Soolking)
22%
1 Bandit Chef (feat. Madrane)
22%
2019 Boom Bye Bye (feat. Diplo)
22%
2025 ÇA DONNE (feat. Leto)
22%
10 Canelo
22%
2023 Cardio (feat. Mig)
22%
17 CDC (feat. Madrane & Pepito)
22%
2020 Criminel (feat. Bramsito)
22%
3 C.V.T.Q.L.F
22%
15 D.M.B
22%
2022 Fame (feat. SDM)
22%
4 Gros bonnets (feat. Madrane)
22%
9 HAQ
22%
2025 Le Mouvement (feat. Gradur, Guy2Bezbar & Zed)
22%
8 L'ennemi (feat. Kalash, Skaodi)
22%
14 Loin d'eux
22%
18 Loup solitaire (feat. Liim's)
22%
6 Lundi
22%
3 Malsain
22%
4 Mama Lova
22%
6 Mendoza
22%
10 Midi minuit
22%
5 Minuit
22%
12 Moula (feat. Heuss L'enfoiré)
22%
3 Mustapha Jefferson
22%
4 Nueve
22%
15 Oh Bella Ciao (feat. Sidiki Diabaté)
22%
6 Ohlolo
22%
14 On l'a fait
22%
11 Opinel 12
22%
20 Passa passa (#BooskaMechant)
22%
17 Revendicateur
22%
7 Sal baye (feat. Zed)
22%
2023 Sans Coeur (feat. Shay)
22%
6 Savages
22%
16 Service (feat. Mayo)
22%
18 Speingof (feat. La B & Trafiquinte)
22%
11 Tchibili-Tabala
22%
14 Tellement gang
22%
2025 Tendance (feat. L2B & KLN)
22%
14 Tony Montana (feat. Brigi, Rako, Madrane & Trafiquinte)
22%
15 T-Rain
22%
10 Versus (feat. MHD)
22%
2022 Allez dehors (feat. Fresh)
11%
2024 Blue Porshe (feat. Luciano)
11%
16 Cala Boca (feat. Gradur)
11%
2017 Ça va aller (feat. Booba & Sidiki Diabaté)
11%
2025 | 2025 (remix) C'est la même (feat. SAÏK)
11%
7 Claquer la monnaie (feat. Madrane)
11%
8 Corleone
11%
2022 Critical (feat. Zed)
11%
2025 Cruel [Boite Noire]
11%
2023 Dendisa (feat. Gaz Mawete)
11%
6 Du Sal
11%
2026 FOLIE (feat. SAF)
11%
9 Gâté
11%
9 Gere
11%
6 GSD
11%
2023 I Got U (feat. Ronisia)
11%
2017 J'suis dans l'baye
11%
16 J'suis dans les wayes
11%
2024 Loin d'ici (feat. Zamdane)
11%
2016 Lové (feat. DJ Mike One, KeBlack & Naza)
11%
17 Manu le coq (feat. Skaodi)
11%
2019 MD (feat. 4Keus)
11%
2020 Monte le son (feat. DJ Kayz)
11%
12 Paramètre
11%
2023 Rebelote (feat. iDS & Rsko)
11%
5 Solo
11%
2023 Sosa (feat. Kima)
11%
15 Stop
11%
10 Toka
11%
12 Tookie
11%
2024 UnRappeurÇaRap #1
11%
2024 UnRappeurÇaRap #2
11%
2024 UnRappeurÇaRap #3
11%
9 Valise
11%
2018 Ah non c'est terrible (feat. Guy2Bezbar, Omzo & Madrane)
0%
2023 A qui la faute (feat. Niro)
0%
2023 B22 (feat. Maes)
0%
2016 Bataclan Paranoïa (feat. Despo Rutti)
0%
2017 Bloc (feat. Dehmo)
0%
2021 Bolivienne
0%
2015 Calibrer (feat. Snifeur Baby)
0%
2023 CARACTÈRE (feat. Lutin)
0%
2018 Cercle rouge (feat. disiz)
0%
2021 Chargé
0%
2022 Chérie coco (feat. Fally Ipupa)
0%
2016 Compton (feat. GLK)
0%
2015 (remix) Danse avec les loups (feat. Bacad, Denzo, E2M, Juicy P, Kpoint & Youssef)
0%
2024 Délire (feat. Trafiquinte)
0%
2017 En leuleu (feat. Sadek)
0%
2015 Episode 6 (feat. Haks)
0%
2021 Gnonmi avec lait (feat. Fior 2 Bior)
0%
2020 Hipsey Hussle (feat. Lacrim)
0%
2015 Homme des neiges (feat. Seth Gueko)
0%
2017 Koussi Koussa (feat. Kalash)
0%
2015 La Moula (feat. Alonzo, Gradur & Lacrim)
0%
2019 Liquide (feat. Shay)
0%
2019 Méchant Sheguey (feat. Gradur)
0%
2020 Millions d'euros (feat. Landy)
0%
2015 Philly (feat. Gradur)
0%
2016 Pirate & Charo (feat. Bridjahting & DJ Ken)
0%
2018 Qui est khôrô (feat. DJ Arafat)
0%
2025 REMEMBER (feat. Gradur)
0%
2017 Sous contrôle (feat. Dadju)
0%
2018 | 2019 (remix) Sucette (feat. Aya Nakamura)
0%
2021 Téma le truc (feat. Brigistone, La B, Madrane & Trafiquinte)
0%
2020 Tieks (feat. 13 Block)
0%
2017 Trafiquants (feat. Alkpote & La B)
0%
2020 Tu paniques (feat. Kalash Criminel)
0%
2019 Vréalité (feat. Kekra)
0%
2017 Walou (feat. KeBlack)
0%
Aucun quiz correspondant
Distribution des résultats
% des personnes avec chaque résultat
Percentile par nombre de réponses
Votre historique - résultats
Vous n’avez pas pris ce quiz